| 000 | 00596nam a2200193 a 4500 | ||
|---|---|---|---|
| 001 | 000020032 | ||
| 005 | 20200929170234.0 | ||
| 008 | 020522s1967 sp 000 m spa d | ||
| 100 | 1 |
_aCampoamor, Ramón de _d1817-1901 _99880 |
|
| 245 | 1 | 0 |
_aDolores. Cantares. Los pequeños poemas / _cRamón de Campoamor. |
| 250 | _a5a ed. | ||
| 260 |
_aMadrid : _bEspasa-Calpe , _c1967. |
||
| 300 |
_a186 p. ; _c18 cm. |
||
| 440 | 0 |
_aAustral. Violeta; _v238 _942616 |
|
| 500 | _aIncluye índice de autores | ||
| 830 | 0 |
_aAustral _pVioleta: teatro y poesía; _v238 _939559 |
|
| 049 | _aBNGR | ||
| 999 |
_c19544 _d19544 |
||
| 040 | _aDO-SdBNP | ||